000 00198 a2200097 4500
001 45594
100 _aVizinczey, S
245 _aAn innocentt millionair
260 _a
_b
_c
090 _c28757
_d28757
942 _aNUST-CAE
_cM
_c20843
999 _c280667
_d280667